An introduction to applied macroeconomics

Gespeichert in:
Bibliographische Detailangaben
1. Verfasser: Kuh, Edwin
Weitere Verfasser: Schmalensee, Richard L.
Format: Buch
Sprache:Englisch
Veröffentlicht: Amsterdam North-Holland Publishing Company 1973
Tags: Tag hinzufügen
Keine Tags, Fügen Sie das erste Tag hinzu!

MARC

LEADER 00000nam a2200000 4500
001 c113931
005 20041019155157.1
041 0 |a eng 
044 |a NL 
245 1 0 |a An introduction to applied macroeconomics  |c Edwin Kuh, Richard L. Schmalensee 
264 1 |a Amsterdam  |b North-Holland Publishing Company  |c 1973 
300 |a 229 s. 
100 1 |a Kuh, Edwin 
700 1 |a Schmalensee, Richard L.